Влияние режима автоклавной обработки на качественные характеристики плотных силикатных плиток; Известия Томского политехнического института [Известия ТПИ]; Т. 197 : Неорганическая химия

Bibliographische Detailangaben
Parent link:Известия Томского политехнического института [Известия ТПИ]/ Томский политехнический институт (ТПИ).— , 1944-1976
Т. 197 : Неорганическая химия.— 1975.— [С. 97-99]
1. Verfasser: Дубовская Н. С.
Weitere Verfasser: Меняйло Л. Ф., Савельев В. В.
Zusammenfassung:Заглавие с титульного листа
Электронная версия печатной публикации
Sprache:Russisch
Veröffentlicht: 1975
Schlagworte:
Online-Zugang:Черно-белая версия для предварительного просмотра
Цветная версия без потери качества
Format: MixedMaterials Elektronisch Buchkapitel
KOHA link:https://koha.lib.tpu.ru/cgi-bin/koha/opac-detail.pl?biblionumber=222125

MARC

LEADER 00000nla2a2200000 4500
001 222125
005 20231031195937.0
035 |a (RuTPU)RU\TPU\book\242308 
035 |a RU\TPU\book\242306 
090 |a 222125 
100 |a 20120918d1975 k y0rusy50 ca 
101 0 |a rus 
102 |a RU 
135 |a drnn ---uucaa 
181 0 |a i  
182 0 |a b 
200 1 |a Влияние режима автоклавной обработки на качественные характеристики плотных силикатных плиток  |b Электронный ресурс  |f Н. С. Дубовская, Л. Ф. Меняйло, В. В. Савельев 
203 |a Текст  |c электронный 
215 |a 2 файла (125 Кб, 2.7 Мб) 
230 |a Электронные текстовые данные (2 файла : 125 Кб, 2.7 Мб) 
300 |a Заглавие с титульного листа 
300 |a Электронная версия печатной публикации 
320 |a [Библиогр.: с. 99 (5 назв.)] 
337 |a Adobe Reader 
461 1 |0 (RuTPU)RU\TPU\book\200995  |t Известия Томского политехнического института [Известия ТПИ]  |f Томский политехнический институт (ТПИ)  |d 1944-1976 
463 1 |0 (RuTPU)RU\TPU\book\242182  |t Т. 197 : Неорганическая химия  |v [С. 97-99]  |d 1975  |p 170 с. 
610 1 |a электронный ресурс 
610 1 |a труды учёных ТПУ 
700 1 |a Дубовская  |b Н. С. 
701 1 |a Меняйло  |b Л. Ф. 
701 1 |a Савельев  |b В. В. 
801 1 |a RU  |b 63413507  |c 20090320  |g PSBO 
801 2 |a RU  |b 63413507  |c 20121108  |g PSBO 
856 4 |u http://www.lib.tpu.ru/fulltext/v/Bulletin_TPU/1975/v197/28_bw.pdf  |z Черно-белая версия для предварительного просмотра 
856 4 |u http://www.lib.tpu.ru/fulltext/v/Bulletin_TPU/1975/v197/28_full.pdf  |z Цветная версия без потери качества 
942 |c CF